Animal Scientific Names - Statistics

General Stats
  • This quiz has been taken 37 times
  • The average score is 11 of 20
Answer Stats
Hint Answer % Correct
Serpentes Snake
100%
Felis catus Cat
97%
Panthera tigris Tiger
97%
Canis lupus Wolf
94%
Panthera leo Lion
91%
Bos taurus Cow
83%
Giraffa camelopardalis Giraffe
83%
Equus caballus Horse
83%
Ursidae Bear
80%
Araneae Spider
66%
Sus scrofa domesticus Pig
60%
Ovis aries Sheep
54%
Formicidae Ant
51%
Simiiformes Monkey
29%
Chiroptera Bat
26%
Psittaciformes Parrot
23%
Pavo cristatus Peacock
17%
Squamata Lizard
9%
Passer domesticus Sparrow
6%
Culicidae Mosquito
0%
No matching quizzes found
Score Distribution
Percent of People with Each Score
Percentile by Number Answered
Your Score History
You have not taken this quiz